000 00593nam a2200217Ia 4500
003 OSt
005 20220926040508.0
006 a|||||r|||| 00| 0
007 ta
008 220923b |||||||| |||| 00| 0 eng d
037 _cGeneral Book
040 _aRTL
_cRTL
_beng
041 _2eng
_aeng
082 _aX:89Q8.1.N6, K3
111 _aNational pkroductivity council , Indiaf
_9343733
245 0 _aQuality control in Japan, USA and Britain.(Its rep
260 _c1963
650 _aQuality Control
942 _hX:89Q8.1.N6, K3
_cGB
_2CC
999 _c664957
_d664957